00311nam a2200097Ia 4500008004100000020001800041100002000059245009000079260002500169300001900194180305s9999 xx 000 0 und d a9780415744508 aHolmes, Kirsten cKirsten Holmes, Michael Hughes, Judith Mair, Jack CarlsenaEvents and Sustainability/ aUSAbRoutledgec2015 avii, 206 Pages